000 00309nam a22001337a 4500
008 170911b xxu||||| |||| 00| 0 eng d
020 _a9780738041193
041 _aeng
080 _23 ED
_a53
100 _a43
101 _aFIZ
245 _aELEMENTS OF THERMAL PHYSICS
_cWOLFE.J.P
942 _2udc
_cBK
999 _c27151
_d27151